000 00684nam a2200289Ia 4500
005 20260324134246.0
008 008 260324s9999 xx 000 0 eng d
020 _a9780203996638
037 _aEBOOK
040 _aCRL
040 _beng
040 _cCRL
041 _2eng
041 _aeng
084 _qCRL
100 _aNobuyoshi Terashima; John Tiffin
_91196155
245 0 _aHyperReality
245 0 _bParadigm for the Third Millenium
260 _bTaylor and Francis
260 _c2002
365 _a
365 _b65.99
856 _uhttp://www.taylorfrancis.com/books/9780203996638
942 _cEBOOK
999 _c1796047
_d1796047